000
00188 a2200097 4500
001
4749
100
_a
Yarwood,J
245
_a
Atomic physics
260
_a
_b
U.T.P
_c
090
_c
3942
_d
3942
942
_a
NUST-CAE
_c
M
_c
30203
999
_c
239822
_d
239822